00760nam a22002417a 450000500170000001000130001702000100003003500130004003700160005304000120006908200190008110000220010024500520012226000360017427000580021030000200026865000190028865000260030770000100033394200280034399900190037195201280039020170124105955.0 aA-001266 c16.00 aA-001266 bCen Lib/Ret aDPLbEN a338.60954bAHU aAhuja,B.N.913132 aSmall scale industries in India /cby B.N.Ahuja aNew DelhibVarma brothersc1977 aA/178,Dayanand colony Lajpat nagarbNew Delhie110024 a256p. c19m(Hb) aCommerce94193 aSmall business914442 914356 2ddccENh338.60954mAHU c125458d125458 00104070aLbLd2015-06-22eCen Lib/Retg16.00l0o338.60954 AHUpA-001266r2015-06-22 00:00:00t1v16.00w2015-06-22yEN